000 00579nam a2200157Ia 4500
008 100122s9999 xx 000 0 und d
082 _b72935
_a808.8
100 _aदेसाई दत्ता
245 _aशहीद भगतसिंह समग्र वाड्मय
250 _a1
260 _bडायमंड पब्लिकेशन्स
_c2007
300 _a479
630 _aशहीद भगतसिंह समग्र वाड्मय
730 _aशहीद भगतसिंह समग्र वाड्मय
942 _cBOOK
999 _c388860
_d388857